Hearing on National Defense Authorization Act for Fiscal Year 2019 and Oversight of Previously Authorized Programs : Evolution, Transformation, and Sustainment: A Review and Assessment of the Fiscal Year 2019 Budget Request for U.S. Special Operations Forces and Command.

Bibliographic Details
Format: Government Document eBook
Language:English
Published: Bethesda, Md. : ProQuest, 2018.
Subjects:
Online Access:electronic resource (pdf)

MARC

Tag First Indicator Second Indicator Subfields
LEADER 00000cam a22000001i 4500
001 in00004153752
005 20200117101155.0
006 m d f
007 cr bn mmmapmmp
008 190118s2018 mdu o f000 0 eng d
024 8 |a hrghrg2018ash186960 
024 8 |a chdc20180956 
035 |a chdc20180956 
040 |a UMI  |c UMI  |e rda  |d UtOrBLW 
086 0 |a Y 4.AR 5/2A:2017-2018/73 
110 1 |a United States.  |b Congress.  |b House.  |b Committee on Armed Services.  |b Subcommittee on Emerging Threats and Capabilities,  |e issuing body.  |0 http://id.loc.gov/authorities/names/no2011132389 
245 1 0 |a Hearing on National Defense Authorization Act for Fiscal Year 2019 and Oversight of Previously Authorized Programs :  |b Evolution, Transformation, and Sustainment: A Review and Assessment of the Fiscal Year 2019 Budget Request for U.S. Special Operations Forces and Command. 
264 1 |a Bethesda, Md. :  |b ProQuest,  |c 2018. 
300 |a 77 pages, digital, PDF file. 
336 |a text  |2 rdacontent  |b txt 
337 |a computer  |b c  |2 rdamedia 
338 |a online resource  |2 rdacarrier  |b cr 
500 |a Record is based on bibliographic data in ProQuest U.S. Congressional Hearings Digital Collection. Reuse except for individual research requires license from ProQuest, LLC. 
500 |a "Feb. 15, 2018." 
500 |a Committee on Armed Services Serial H.A.S.C. Number 115-73. 
538 |a System requirements: PDF reader software. 
533 |a Electronic reproduction.  |b [Bethesda, Md.] :  |c ProQuest,  |d 2018.  |e digital, PDF file.  |n ProQuest Congressional Hearings Digital Collection.  |n Mode of access: World Wide Web via ProQuest website. 
610 1 0 |a United States.  |b Department of Defense.  |0 http://id.loc.gov/authorities/names/n79021946 
610 2 0 |a U.S. Special Operations Command  |x Appropriations and expenditures. 
776 0 8 |i Microfiche version:   |a United States. Congress. House. Committee on Armed Services. Subcommittee on Emerging Threats and Capabilities.  |t Hearing on National Defense Authorization Act for Fiscal Year 2019 and Oversight of Previously Authorized Programs  |o CIS 2018 H201-186960 
856 4 0 |u http://proxy.library.tamu.edu/login?url=http://congressional.proquest.com/congcomp/getdoc?hearing-id=hrg-2018-ash-186960  |y electronic resource (pdf)  |z cis 2018 h201-186960  |t 0 
999 f f |s a4d1b21f-248c-33be-93fa-d97a91c87d6e  |i 8e21a29f-e830-382f-9e1a-9cc91335f56b  |t 0 
952 f f |a Texas A&M University  |b College Station  |c Electronic Resources  |d Available Online  |t 0  |e Y 4.AR 5/2A:2017-2018/73  |h Superintendent of Documents classification 
998 f f |a Y 4.AR 5/2A:2017-2018/73  |t 0  |l Available Online